[Event "15. Obert Int. Sant Marti 2013"]
[Site "Barcelona ESP"]
[Date "2013.07.19"]
[Round "7.37"]
[White "Frank-Nielsen, Marie"]
[Black "Blandon Villa, Diego F"]
[Result "0-1"]
[WhiteElo "2016"]
[BlackElo "2196"]
[PlyCount "66"]
[EventDate "2013.07.13"]
[EventType "swiss"]
[EventRounds "9"]
[EventCountry "ESP"]
[SourceTitle "Ajedrez en Madrid"]
[Source "lmi"]
[SourceDate "2013.07.13"]
[SourceVersion "1"]
[SourceVersionDate "2019.06.21"]
[SourceQuality "1"]

1. e4 c5 2. Nf3 d6 3. c3 Nf6 4. h3 Bd7 5. d3 g6 6. Be2 Bg7 7. O-O Nc6 8. Be3
O-O 9. Qd2 Re8 10. Na3 a6 11. Bh6 Bh8 12. Nc2 b5 13. Nh2 Rc8 14. f4 c4 15. g4
cxd3 16. Qxd3 Qb6+ 17. Rf2 Be6 18. Ne3 d5 19. Nxd5 Nxd5 20. exd5 Red8 21. Bf3
Bxd5 22. Bxd5 e6 23. Nf3 Rxd5 24. Qe2 b4 25. f5 exf5 26. Re1 Ne5 27. Kh1 Qc6
28. gxf5 Nd3 29. Rg2 Nxe1 30. Qxe1 bxc3 31. bxc3 Bxc3 32. Qe2 Rxf5 33. Ng5 Re8
0-1

[Event "15. Obert Int. Sant Marti 2013"]
[Site "Barcelona ESP"]
[Date "2013.07.19"]
[Round "7.38"]
[White "Ofstad, Sigurd"]
[Black "Pellus Ruiz, Josep"]
[Result "0-1"]
[WhiteElo "2007"]
[BlackElo "2171"]
[PlyCount "86"]
[EventDate "2013.07.13"]
[EventType "swiss"]
[EventRounds "9"]
[EventCountry "ESP"]
[SourceTitle "Ajedrez en Madrid"]
[Source "lmi"]
[SourceDate "2013.07.13"]
[SourceVersion "1"]
[SourceVersionDate "2019.06.21"]
[SourceQuality "1"]

1. f4 c5 2. Nf3 Nc6 3. g3 g6 4. Bg2 Bg7 5. O-O d6 6. d3 e5 7. e4 Nge7 8. Nc3
O-O 9. f5 gxf5 10. Nh4 f4 11. Qh5 Be6 12. Nf5 Qd7 13. Nxg7 Kxg7 14. gxf4 exf4
15. Bxf4 f6 16. Bh6+ Kh8 17. Bxf8 Rxf8 18. Rf2 Ng6 19. Nd5 Qg7 20. Raf1 Bxd5
21. exd5 Nce7 22. Kh1 f5 23. b3 Qd4 24. Rf3 Rf7 25. Rh3 Kg8 26. Rhf3 b5 27. Qg5
Rg7 28. Qe3 Ne5 29. Qxd4 cxd4 30. Rf4 Ng4 31. Rxd4 Ne3 32. Rf2 Ng6 33. c4 b4
34. Bh3 Rf7 35. Re2 Re7 36. Kg1 Kf7 37. Kf2 Nd1+ 38. Ke1 Rxe2+ 39. Kxe2 Nc3+
40. Kd2 Kf6 41. a4 Ke5 42. c5 Kxd4 43. c6 Nxd5 0-1

[Event "15. Obert Int. Sant Marti 2013"]
[Site "Barcelona ESP"]
[Date "2013.07.19"]
[Round "7.39"]
[White "Grebstad, Kjell Borre"]
[Black "Amores Gago, Javier"]
[Result "1-0"]
[WhiteElo "2005"]
[BlackElo "2167"]
[PlyCount "62"]
[EventDate "2013.07.13"]
[EventType "swiss"]
[EventRounds "9"]
[EventCountry "ESP"]
[SourceTitle "Ajedrez en Madrid"]
[Source "lmi"]
[SourceDate "2013.07.13"]
[SourceVersion "1"]
[SourceVersionDate "2019.06.21"]
[SourceQuality "1"]

1. d4 Nf6 2. c4 g6 3. Nc3 Bg7 4. e4 d6 5. g3 O-O 6. Bg2 Nc6 7. Nge2 e5 8. d5
Nd4 9. Be3 Nxe2 10. Qxe2 Ng4 11. Bd2 f5 12. h3 Nh6 13. O-O-O fxe4 14. g4 a6 15.
Nxe4 Qe7 16. Bg5 Qf7 17. f3 Kh8 18. h4 Ng8 19. h5 gxh5 20. Rxh5 Nf6 21. Nxf6
Bxf6 22. Bxf6+ Qxf6 23. Qc2 Qf4+ 24. Kb1 e4 25. Rdh1 Rf7 26. R1h4 Bd7 27. fxe4
Bxg4 28. Bh3 Rg8 29. Qc3+ Rf6 30. Bxg4 Qxe4+ 31. Ka1 Rxg4 1-0

[Event "15. Obert Int. Sant Marti 2013"]
[Site "Barcelona ESP"]
[Date "2013.07.19"]
[Round "7.40"]
[White "Cherednichenko, Elena"]
[Black "Blandon, Luis Guillermo"]
[Result "0-1"]
[WhiteElo "2167"]
[BlackElo "1993"]
[PlyCount "91"]
[EventDate "2013.07.13"]
[EventType "swiss"]
[EventRounds "9"]
[EventCountry "ESP"]
[SourceTitle "Ajedrez en Madrid"]
[Source "lmi"]
[SourceDate "2013.07.13"]
[SourceVersion "1"]
[SourceVersionDate "2019.06.21"]
[SourceQuality "1"]

1. d4 Nf6 2. Nf3 g6 3. Nc3 d5 4. Bf4 a6 5. e3 Bg7 6. Be2 O-O 7. Ne5 b5 8. a3
Bb7 9. h4 h6 10. g4 Nbd7 11. g5 hxg5 12. hxg5 Nxe5 13. gxf6 exf6 14. dxe5 fxe5
15. Bh6 d4 16. Bf3 Bxf3 17. Qxf3 dxc3 18. Rd1 cxb2 19. Ke2 Qc8 20. Bxg7 Kxg7
21. Rh4 Qe6 22. Rg1 Rh8 23. Rb4 Rad8 24. Qg3 c5 25. Rxb2 e4 26. Kf1 Rh3 27. Qg4
Qxg4 28. Rxg4 f5 29. Rg1 Rh2 30. Ke2 c4 31. c3 Rd3 32. a4 Rxc3 33. axb5 axb5
34. Rxb5 Rc2+ 35. Kd1 Rcxf2 36. Rb7+ Kh6 37. Rc7 Ra2 38. Rxc4 Ra1+ 39. Rc1
Rxc1+ 40. Kxc1 Re2 41. Rg3 g5 42. Kd1 Rh2 43. Ke1 g4 44. Rg1 Kg5 45. Rf1 Ra2
46. Rh1 0-1

[Event "15. Obert Int. Sant Marti 2013"]
[Site "Barcelona ESP"]
[Date "2013.07.19"]
[Round "7.42"]
[White "Castillo Escario, Yolanda"]
[Black "Posada, Juan Manuel"]
[Result "1/2-1/2"]
[WhiteElo "1997"]
[BlackElo "2101"]
[PlyCount "138"]
[EventDate "2013.07.13"]
[EventType "swiss"]
[EventRounds "9"]
[EventCountry "ESP"]
[SourceTitle "Ajedrez en Madrid"]
[Source "lmi"]
[SourceDate "2013.07.13"]
[SourceVersion "1"]
[SourceVersionDate "2019.06.21"]
[SourceQuality "1"]

1. e4 c5 2. Nf3 d6 3. Bb5+ Nd7 4. d4 Ngf6 5. Nc3 cxd4 6. Qxd4 g6 7. e5 dxe5 8.
Nxe5 Bg7 9. Nxd7 Bxd7 10. Bxd7+ Qxd7 11. Qxd7+ Nxd7 12. Bd2 Nb6 13. O-O-O Nc4
14. Be1 Rc8 15. Rd3 Rc7 16. Nd1 O-O 17. Bc3 Ne5 18. Rd5 Rfc8 19. Re1 Nc4 20.
Bxg7 Kxg7 21. c3 a6 22. Ne3 Nd6 23. Re5 e6 24. Rd1 Rc6 25. Nc2 b5 26. Re2 a5
27. a3 Nc4 28. Rd3 Nb6 29. Nd4 Rc5 30. Nb3 Rg5 31. f3 b4 32. axb4 axb4 33. Rc2
bxc3 34. bxc3 Nd5 35. g3 Re5 36. f4 Re1+ 37. Kb2 Ne3 38. Rc1 Nc4+ 39. Kc2 Re2+
40. Nd2 Rxh2 41. Rd1 Rb8 42. Kc1 Na3 43. Re1 Rc8 44. Re4 Nb5 45. c4 Kf6 46. Kb2
Nc7 47. Re5 Na6 48. Kc3 Rg2 49. Ne4+ Ke7 50. Ra5 Rc6 51. Rb5 Ra2 52. Kd4 f5 53.
Rb7+ Nc7 54. Nc3 Ra8 55. Nb5 Rc8 56. c5 Kf6 57. Nd6 Ra8 58. Rb6 Ra4+ 59. Nc4
Ra6 60. Rxc6 Rxc6 61. Ne5 Ra6 62. c6 g5 63. Rb3 gxf4 64. gxf4 Ra4+ 65. Kc5 Rxf4
66. Nd7+ Ke7 67. Rb7 Kd8 68. Rb8+ Ke7 69. Rb7 Kd8 1/2-1/2

[Event "15. Obert Int. Sant Marti 2013"]
[Site "Barcelona ESP"]
[Date "2013.07.19"]
[Round "7.43"]
[White "Pettersen, Joar Gullestad"]
[Black "Barcelo Sola, David"]
[Result "1-0"]
[WhiteElo "1944"]
[BlackElo "2075"]
[PlyCount "54"]
[EventDate "2013.07.13"]
[EventType "swiss"]
[EventRounds "9"]
[EventCountry "ESP"]
[SourceTitle "Ajedrez en Madrid"]
[Source "lmi"]
[SourceDate "2013.07.13"]
[SourceVersion "1"]
[SourceVersionDate "2019.06.21"]
[SourceQuality "1"]

1. d4 Nf6 2. c4 g6 3. Nc3 d5 4. Bg5 Ne4 5. h4 Bg7 6. cxd5 Nxc3 7. bxc3 Qxd5 8.
Nf3 c5 9. Qb3 Qxb3 10. axb3 Be6 11. Rb1 Nc6 12. e3 h6 13. Bf4 O-O 14. Bd3 cxd4
15. exd4 Bd5 16. O-O Bxf3 17. gxf3 e5 18. dxe5 Nxe5 19. Be4 Rac8 20. c4 Rc7 21.
Rfd1 Rfc8 22. Rd5 Re7 23. Rbd1 Kh7 24. h5 Rc6 25. Rd6 Rc5 26. hxg6+ Nxg6 27.
Be3 f5 1-0

[Event "15. Obert Int. Sant Marti 2013"]
[Site "Barcelona ESP"]
[Date "2013.07.19"]
[Round "7.44"]
[White "Fabregas Fontanet, Antonio"]
[Black "Velez Alvarez, Laura Camila"]
[Result "1-0"]
[WhiteElo "2045"]
[BlackElo "1774"]
[PlyCount "121"]
[EventDate "2013.07.13"]
[EventType "swiss"]
[EventRounds "9"]
[EventCountry "ESP"]
[SourceTitle "Ajedrez en Madrid"]
[Source "lmi"]
[SourceDate "2013.07.13"]
[SourceVersion "1"]
[SourceVersionDate "2019.06.21"]
[SourceQuality "1"]

1. e4 c5 2. Nf3 d6 3. d4 cxd4 4. Nxd4 Nf6 5. Bd3 g6 6. Nc3 Bg7 7. h3 O-O 8. Be3
a6 9. f4 Nbd7 10. Nf3 e5 11. O-O b5 12. fxe5 Nxe5 13. Nxe5 dxe5 14. a3 Bb7 15.
Qf3 Qc7 16. Qf2 Nd7 17. Rad1 Bc6 18. Qg3 Nb6 19. Rf2 Bd7 20. Bxb6 Qxb6 21. Nd5
Qd6 22. c4 Rac8 23. cxb5 axb5 24. Be2 Qc5 25. b4 Qc2 26. Ne7+ Kh8 27. Rxd7 Rc3
28. Rd3 Rc4 29. Qe3 f5 30. exf5 e4 31. Rd2 Qc1+ 32. Rf1 Bd4 33. Qxd4+ Rxd4 34.
Rxc1 Rxd2 35. Bxb5 gxf5 36. Re1 Rf7 37. Nc6 Rg7 38. Re2 Rd1+ 39. Kf2 Ra1 40. a4
Rd7 41. a5 Rdd1 42. a6 f4 43. Rxe4 Rd2+ 44. Re2 Rdd1 45. Rc2 Rdb1 46. Bc4 Kg7
47. b5 Kf6 48. a7 Kf5 49. Bd3+ Kf6 50. Rd2 Rb3 51. Bc4 Rc3 52. Ra2 Rxa2+ 53.
Bxa2 Rc2+ 54. Kf3 Rxa2 55. b6 Kf5 56. b7 Ra3+ 57. Kf2 Ra2+ 58. Kg1 Ra1+ 59. Kh2
f3 60. Nd4+ Ke4 61. Nxf3 1-0

[Event "15. Obert Int. Sant Marti 2013"]
[Site "Barcelona ESP"]
[Date "2013.07.19"]
[Round "7.45"]
[White "Nadal Fajardo, Ricard"]
[Black "Fernandez Aguilar, Francisco"]
[Result "1/2-1/2"]
[WhiteElo "1913"]
[BlackElo "2040"]
[PlyCount "46"]
[EventDate "2013.07.13"]
[EventType "swiss"]
[EventRounds "9"]
[EventCountry "ESP"]
[SourceTitle "Ajedrez en Madrid"]
[Source "lmi"]
[SourceDate "2013.07.13"]
[SourceVersion "1"]
[SourceVersionDate "2019.06.21"]
[SourceQuality "1"]

1. e4 e5 2. Nf3 Nc6 3. Bc4 Nf6 4. d3 Bc5 5. O-O d6 6. h3 a6 7. Be3 Ba7 8. Bxa7
Rxa7 9. Nc3 O-O 10. Re1 h6 11. d4 Ra8 12. dxe5 dxe5 13. Qxd8 Rxd8 14. Rad1 Be6
15. Bxe6 fxe6 16. a3 Kf7 17. Kf1 Ke7 18. g3 Rd7 19. Rxd7+ Nxd7 20. Rd1 Rd8 21.
Ke2 Kf6 22. Ke3 Nb6 23. b3 Rxd1 1/2-1/2

[Event "15. Obert Int. Sant Marti 2013"]
[Site "Barcelona ESP"]
[Date "2013.07.19"]
[Round "7.47"]
[White "Ortiz De Latierro Olivella, Aitor"]
[Black "Hernandez, Zaida"]
[Result "0-1"]
[WhiteElo "2078"]
[BlackElo "1998"]
[PlyCount "72"]
[EventDate "2013.07.13"]
[EventType "swiss"]
[EventRounds "9"]
[EventCountry "ESP"]
[SourceTitle "Ajedrez en Madrid"]
[Source "lmi"]
[SourceDate "2013.07.13"]
[SourceVersion "1"]
[SourceVersionDate "2019.06.21"]
[SourceQuality "1"]

1. e4 c5 2. Nf3 d6 3. d4 cxd4 4. Nxd4 Nf6 5. Nc3 Nc6 6. Bc4 Qb6 7. Nb3 e6 8.
O-O a6 9. a3 Be7 10. Be3 Qc7 11. f4 b5 12. Bd3 Bb7 13. Qf3 O-O 14. g4 Nd7 15.
Qh3 Rfd8 16. e5 Nf8 17. exd6 Bxd6 18. Ne4 Be7 19. Nbc5 Bc8 20. b4 Nd4 21. Rad1
f5 22. gxf5 exf5 23. Qg2 Ra7 24. Bxd4 Rxd4 25. c3 Rxe4 26. Nxe4 fxe4 27. Bxe4
Qxc3 28. Rd3 Qf6 29. Qf2 Rd7 30. Bd5+ Kh8 31. Rfd1 Qg6+ 32. Rg3 Qf5 33. Qe2 Bf6
34. Qf3 h6 35. Bb3 Bb7 36. Qf1 Bd4+ 0-1

[Event "15. Obert Int. Sant Marti 2013"]
[Site "Barcelona ESP"]
[Date "2013.07.19"]
[Round "7.48"]
[White "De Azua Arpi, Rafael"]
[Black "Tarrago Domingo, Miguel"]
[Result "0-1"]
[WhiteElo "1943"]
[BlackElo "2034"]
[PlyCount "114"]
[EventDate "2013.07.13"]
[EventType "swiss"]
[EventRounds "9"]
[EventCountry "ESP"]
[SourceTitle "Ajedrez en Madrid"]
[Source "lmi"]
[SourceDate "2013.07.13"]
[SourceVersion "1"]
[SourceVersionDate "2019.06.21"]
[SourceQuality "1"]

1. d4 d5 2. c4 c6 3. Nc3 Nf6 4. Bg5 dxc4 5. a4 Qa5 6. Bxf6 exf6 7. e4 Bb4 8.
Rc1 Be6 9. Nge2 Nd7 10. g3 Nb6 11. Bg2 Nxa4 12. Qc2 Nxc3 13. bxc3 Bd6 14. O-O
O-O 15. Rb1 Qc7 16. f4 a5 17. f5 Bd7 18. Nf4 Bxf4 19. Rxf4 a4 20. Qd2 a3 21.
Rg4 Kh8 22. Rh4 a2 23. Ra1 Qb6 24. Qe1 Qb2 25. Rf4 Ra3 26. Rf3 Rb3 27. g4 Qxa1
28. Qxa1 Rb1+ 29. Rf1 Rxa1 30. Rxa1 Ra8 31. Kf2 Kg8 32. Ke2 Kf8 33. Kd2 Ke7 34.
Bf1 b5 35. Kc2 Ra3 36. Kb2 Rb3+ 37. Kc2 Rb1 38. Rxb1 axb1=Q+ 39. Kxb1 Kd6 40.
Kb2 c5 41. Ka3 Kc6 42. Be2 Kb6 43. Kb2 Bc6 44. d5 Bd7 45. Kc2 Kc7 46. Kd2 Kd6
47. Ke3 Ke5 48. Bd1 b4 49. Bc2 b3 50. Bb1 Ba4 51. h3 h6 52. Kf3 b2 53. Ke3 Bd1
54. Kf2 h5 55. Kg3 hxg4 56. hxg4 Be2 57. Kh4 Bd3 0-1

[Event "15. Obert Int. Sant Marti 2013"]
[Site "Barcelona ESP"]
[Date "2013.07.19"]
[Round "7.49"]
[White "Severri Arrese, Carlos"]
[Black "Manelidou, Maria"]
[Result "0-1"]
[WhiteElo "1905"]
[BlackElo "2030"]
[PlyCount "58"]
[EventDate "2013.07.13"]
[EventType "swiss"]
[EventRounds "9"]
[EventCountry "ESP"]
[SourceTitle "Ajedrez en Madrid"]
[Source "lmi"]
[SourceDate "2013.07.13"]
[SourceVersion "1"]
[SourceVersionDate "2019.06.21"]
[SourceQuality "1"]

1. d4 d5 2. e3 c6 3. c4 Nf6 4. Nc3 e6 5. Bd2 Nbd7 6. cxd5 exd5 7. Bd3 Bd6 8. g4
h6 9. Qf3 Qe7 10. Nge2 Nxg4 11. Ng3 Nde5 12. dxe5 Nxe5 13. Qe2 Bg4 14. Nf5 Qf6
15. Nxd6+ Qxd6 16. f4 Bxe2 17. fxe5 Qxe5 18. Nxe2 O-O-O 19. O-O f6 20. Nd4 Kb8
21. Rac1 Ka8 22. Rc3 a6 23. b4 Qd6 24. Rc5 Rhe8 25. Rfc1 Re5 26. Nf3 Rh5 27.
Be1 Qe6 28. Bf2 Qg4+ 29. Kf1 Qxf3 0-1

[Event "15. Obert Int. Sant Marti 2013"]
[Site "Barcelona ESP"]
[Date "2013.07.19"]
[Round "7.50"]
[White "Ramirez Medina, Victor"]
[Black "Lien, Kjell Hakon"]
[Result "1-0"]
[WhiteElo "2012"]
[BlackElo "1910"]
[PlyCount "47"]
[EventDate "2013.07.13"]
[EventType "swiss"]
[EventRounds "9"]
[EventCountry "ESP"]
[SourceTitle "Ajedrez en Madrid"]
[Source "lmi"]
[SourceDate "2013.07.13"]
[SourceVersion "1"]
[SourceVersionDate "2019.06.21"]
[SourceQuality "1"]

1. e4 c5 2. Nf3 d6 3. d4 cxd4 4. Nxd4 Nf6 5. Nc3 a6 6. Bg5 e6 7. f4 Qb6 8. Qd2
Qxb2 9. Rb1 Qa3 10. Bxf6 gxf6 11. Be2 h5 12. O-O Nc6 13. Nxc6 bxc6 14. Kh1 Be7
15. Rb3 Qa5 16. Bf3 Qc7 17. Rfb1 h4 18. Na4 Kf8 19. Nb6 Rb8 20. Nd7+ Qxd7 21.
Rxb8 h3 22. Qc3 hxg2+ 23. Bxg2 d5 24. R1b7 1-0

[Event "15. Obert Int. Sant Marti 2013"]
[Site "Barcelona ESP"]
[Date "2013.07.19"]
[Round "7.51"]
[White "Kjolberg, Jens Hjorth"]
[Black "Calderon Alzate, Ivan Alejandro"]
[Result "1-0"]
[WhiteElo "1999"]
[BlackElo "1882"]
[PlyCount "39"]
[EventDate "2013.07.13"]
[EventType "swiss"]
[EventRounds "9"]
[EventCountry "ESP"]
[SourceTitle "Ajedrez en Madrid"]
[Source "lmi"]
[SourceDate "2013.07.13"]
[SourceVersion "1"]
[SourceVersionDate "2019.06.21"]
[SourceQuality "1"]

1. e4 c5 2. Nf3 d6 3. d4 cxd4 4. Nxd4 Nf6 5. Nc3 a6 6. Bg5 e6 7. Qe2 Nbd7 8. f4
Qc7 9. O-O-O b5 10. g3 Bb7 11. Bg2 Be7 12. e5 dxe5 13. fxe5 Nd5 14. Bxe7 Nxe7
15. Ndxb5 axb5 16. Nxb5 Qxe5 17. Qxe5 Nxe5 18. Nc7+ Kf8 19. Nxa8 Nd5 20. Nc7
1-0

[Event "15. Obert Int. Sant Marti 2013"]
[Site "Barcelona ESP"]
[Date "2013.07.19"]
[Round "7.52"]
[White "Quero Ortega, Juan"]
[Black "Meza Martinez, Alcides Ivan"]
[Result "0-1"]
[WhiteElo "1809"]
[BlackElo "2136"]
[PlyCount "40"]
[EventDate "2013.07.13"]
[EventType "swiss"]
[EventRounds "9"]
[EventCountry "ESP"]
[SourceTitle "Ajedrez en Madrid"]
[Source "lmi"]
[SourceDate "2013.07.13"]
[SourceVersion "1"]
[SourceVersionDate "2019.06.21"]
[SourceQuality "1"]

1. c4 e6 2. g3 f5 3. e3 Nf6 4. Bg2 d5 5. cxd5 exd5 6. Ne2 Bd6 7. O-O O-O 8. d4
c6 9. Nbc3 Qe8 10. Bd2 Nbd7 11. a3 Ne4 12. Nxe4 fxe4 13. Qb3 Nf6 14. h3 Qh5 15.
Nf4 Bxf4 16. exf4 Bxh3 17. Qd1 Ng4 18. f3 Bxg2 19. fxg4 Qh1+ 20. Kf2 Bxf1 0-1

[Event "15. Obert Int. Sant Marti 2013"]
[Site "Barcelona ESP"]
[Date "2013.07.19"]
[Round "7.53"]
[White "Barba Rios, Enric"]
[Black "Lopez Perdomo, Juan David"]
[Result "1/2-1/2"]
[WhiteElo "1956"]
[BlackElo "2100"]
[PlyCount "191"]
[EventDate "2013.07.13"]
[EventType "swiss"]
[EventRounds "9"]
[EventCountry "ESP"]
[SourceTitle "Ajedrez en Madrid"]
[Source "lmi"]
[SourceDate "2013.07.13"]
[SourceVersion "1"]
[SourceVersionDate "2019.06.21"]
[SourceQuality "1"]

1. e4 c5 2. Nc3 Nc6 3. f4 e6 4. Nf3 d5 5. d3 d4 6. Ne2 g6 7. g4 h5 8. g5 b6 9.
h4 Ba6 10. b3 Qc7 11. e5 O-O-O 12. Bg2 Bb7 13. Ng3 Nge7 14. Nd2 Nd5 15. Bxd5
Rxd5 16. a4 Ne7 17. Nc4 Nf5 18. Nxf5 exf5 19. Rh2 Qc6 20. Bd2 Be7 21. Qe2 Re8
22. O-O-O Bd6 23. Re1 Bc7 24. Qf1 Re6 25. Kb2 a6 26. Ra1 Qd7 27. Re2 Kd8 28. a5
b5 29. Nb6 Bxb6 30. axb6 b4 31. Ree1 Qc6 32. Ra2 Qxb6 33. Rea1 Rd7 34. Ra5 Bc8
35. Qg2 Bb7 36. Qf1 Qc6 37. Qe2 Bc8 38. Qf1 Ra7 39. Qh1 Kc7 40. Qxc6+ Rxc6 41.
Be1 Ra8 42. Bd2 Rb8 43. Be1 Kb7 44. Bf2 Be6 45. Bg1 Rbc8 46. Bf2 Rd8 47. Be1
Rd5 48. Bd2 Rd8 49. Be1 Rdc8 50. Bf2 Bd7 51. Bg1 Rb6 52. Bf2 Bb5 53. Rd1 Rbc6
54. Bg1 Kb6 55. Rda1 Rd8 56. Bf2 Rd5 57. Be1 Rd8 58. Bf2 Rdc8 59. Bg1 Ra8 60.
Bf2 Rc7 61. Bg1 Bd7 62. Bf2 Bc8 63. Bg1 Kc6 64. Bf2 Rb8 65. Be1 Rb5 66. Rxb5
axb5 67. Bf2 Kd5 68. Be1 Kc6 69. Bd2 Kb7 70. Be1 Be6 71. Bd2 Bd5 72. Be1 Rc8
73. Bd2 Bf3 74. Rf1 Be2 75. Re1 Bf3 76. Rf1 Bd5 77. Ra1 Ra8 78. Re1 Be6 79. Rf1
Ra3 80. Rb1 Kb6 81. Be1 Ka5 82. Ra1 Rxa1 83. Kxa1 Kb6 84. Kb2 Bd7 85. Kc1 Be6
86. Kb2 Bd5 87. Kc1 Bf3 88. Bf2 Kc6 89. Be1 Kd5 90. Bd2 Be2 91. Be1 c4 92. Kd2
Bf1 93. Bf2 Kc5 94. Bg1 Bg2 95. Kc1 Bf3 96. Bf2 1/2-1/2

[Event "15. Obert Int. Sant Marti 2013"]
[Site "Barcelona ESP"]
[Date "2013.07.19"]
[Round "7.54"]
[White "Real Pereyra, Diana Carime"]
[Black "Cervello I Tost, Roger"]
[Result "1/2-1/2"]
[WhiteElo "2076"]
[BlackElo "1954"]
[PlyCount "70"]
[EventDate "2013.07.13"]
[EventType "swiss"]
[EventRounds "9"]
[EventCountry "ESP"]
[SourceTitle "Ajedrez en Madrid"]
[Source "lmi"]
[SourceDate "2013.07.13"]
[SourceVersion "1"]
[SourceVersionDate "2019.06.21"]
[SourceQuality "1"]

1. e4 e5 2. Nc3 Nf6 3. Bc4 Bc5 4. d3 Nc6 5. f4 d6 6. Nf3 Bg4 7. Na4 Bb6 8. Nxb6
axb6 9. c3 exf4 10. Bxf4 Qd7 11. Bb5 Qe6 12. O-O Rxa2 13. d4 Bxf3 14. Rxf3 Rxa1
15. Qxa1 O-O 16. d5 Qxe4 17. dxc6 bxc6 18. Bd3 Qd5 19. b4 c5 20. c4 Ra8 21. Qb2
Qe6 22. Bd2 Ng4 23. Rg3 b5 24. Qb1 Qf6 25. Bc3 Qh4 26. Rh3 Qf2+ 27. Kh1 cxb4
28. Bxh7+ Kf8 29. Rf3 Qh4 30. Rxf7+ Kxf7 31. Qg6+ Ke7 32. Qe4+ Kd8 33. Qxa8+
Ke7 34. Qe4+ Kd8 35. Qa8+ Ke7 1/2-1/2

[Event "15. Obert Int. Sant Marti 2013"]
[Site "Barcelona ESP"]
[Date "2013.07.19"]
[Round "7.55"]
[White "Saez Coma, Alejandro"]
[Black "Barragan Hernandez, Manel"]
[Result "1-0"]
[WhiteElo "2025"]
[BlackElo "1889"]
[PlyCount "150"]
[EventDate "2013.07.13"]
[EventType "swiss"]
[EventRounds "9"]
[EventCountry "ESP"]
[SourceTitle "Ajedrez en Madrid"]
[Source "lmi"]
[SourceDate "2013.07.13"]
[SourceVersion "1"]
[SourceVersionDate "2019.06.21"]
[SourceQuality "1"]

1. d4 Nf6 2. Nf3 g6 3. Bf4 Bg7 4. Nc3 d5 5. e3 c6 6. Be2 O-O 7. O-O Nh5 8. Bg5
f6 9. Bf4 Nd7 10. Bg3 Nxg3 11. hxg3 e5 12. e4 Nb6 13. exd5 cxd5 14. a4 e4 15.
Nh2 Be6 16. a5 Nc8 17. a6 Rb8 18. b3 b6 19. Nb5 Qe7 20. Qc1 f5 21. Qf4 Ra8 22.
Qc7 Rf7 23. Qxe7 Rxe7 24. Rfd1 Rd7 25. Rac1 Nd6 26. Nf1 Nxb5 27. Bxb5 Rd6 28.
c3 g5 29. f3 Rf8 30. Re1 Bf7 31. Ne3 Bg6 32. f4 h6 33. Kf2 Rc8 34. Red1 Kh7 35.
Rh1 Bf6 36. Rhd1 Rg8 37. Rh1 Kg7 38. Be2 g4 39. Nc2 Rc8 40. Nb4 Be8 41. Ke3 Be7
42. c4 Bf7 43. Rhd1 Rcd8 44. cxd5 Bxd5 45. Nxd5 Rxd5 46. Rc7 R5d7 47. Rdc1 Bd6
48. Rb7 Kf6 49. Rc6 Ke7 50. Bb5 Rxb7 51. axb7 Rb8 52. Ba6 h5 53. Rc8 Kf6 54.
Kd2 h4 55. Rc6 Ke7 56. Ke3 hxg3 57. Rc8 Kf6 58. Rc1 Ke7 59. Rh1 Rf8 60. Rc1 Rb8
61. Rh1 Rf8 62. Bc4 Kd7 63. Bb5+ Ke6 64. Rh7 Kf6 65. Rh6+ Ke7 66. Rh7+ Rf7 67.
Rh8 Rf8 68. Rh7+ Rf7 69. Rh1 Rf8 70. Bc4 Kd8 71. Rh7 Bb8 72. Bb5 Rf6 73. Rd7+
Ke8 74. Rc7+ Kf8 75. Rc8+ Kg7 1-0

[Event "15. Obert Int. Sant Marti 2013"]
[Site "Barcelona ESP"]
[Date "2013.07.19"]
[Round "7.56"]
[White "Carlsen, Ellen Oen"]
[Black "Maltsev, Leonid"]
[Result "0-1"]
[WhiteElo "1947"]
[BlackElo "1985"]
[PlyCount "42"]
[EventDate "2013.07.13"]
[EventType "swiss"]
[EventRounds "9"]
[EventCountry "ESP"]
[SourceTitle "Ajedrez en Madrid"]
[Source "lmi"]
[SourceDate "2013.07.13"]
[SourceVersion "1"]
[SourceVersionDate "2019.06.21"]
[SourceQuality "1"]

1. e4 c5 2. Nf3 e6 3. Nc3 Nc6 4. d3 d5 5. Bf4 Nf6 6. a4 a6 7. exd5 exd5 8. d4
Bg4 9. dxc5 d4 10. Nb1 Bxc5 11. Be2 O-O 12. O-O Qd7 13. Nbd2 Rfe8 14. Nb3 Ba7
15. h3 Bh5 16. g4 Nxg4 17. hxg4 Qxg4+ 18. Bg3 d3 19. cxd3 Qxg3+ 20. Kh1 Qh3+
21. Kg1 Rxe2 0-1

[Event "15. Obert Int. Sant Marti 2013"]
[Site "Barcelona ESP"]
[Date "2013.07.19"]
[Round "7.57"]
[White "Vargas Drechsler, Carlos"]
[Black "Jacobsen, Maria Pitz"]
[Result "1-0"]
[WhiteElo "1903"]
[BlackElo "1814"]
[PlyCount "105"]
[EventDate "2013.07.13"]
[EventType "swiss"]
[EventRounds "9"]
[EventCountry "ESP"]
[SourceTitle "Ajedrez en Madrid"]
[Source "lmi"]
[SourceDate "2013.07.13"]
[SourceVersion "1"]
[SourceVersionDate "2019.06.21"]
[SourceQuality "1"]

1. d4 Nf6 2. Nf3 e6 3. c4 Be7 4. g3 b6 5. Bg2 Bb7 6. O-O O-O 7. b3 d6 8. Bb2
Nbd7 9. Nbd2 c5 10. e3 Qc7 11. Qc2 h6 12. Rad1 Rfd8 13. Rfe1 Rac8 14. e4 cxd4
15. Nxd4 d5 16. Nb5 Qb8 17. e5 Ng4 18. Qc3 Bc5 19. Re2 d4 20. Nxd4 Bxg2 21.
Kxg2 Ndxe5 22. Ne4 Qb7 23. f3 Nf6 24. Nxc5 bxc5 25. Rxe5 cxd4 26. Rxd4 Qc7 27.
Rxd8+ Rxd8 28. Re2 Qc5 29. Rd2 Rxd2+ 30. Qxd2 Qe7 31. Qd4 a6 32. c5 Qe8 33. b4
Qb5 34. Kf2 Kh7 35. Qd2 Nd5 36. Qc2+ Kg8 37. a3 Qb7 38. Be5 Qc6 39. Qb2 f6 40.
Bd4 Qb5 41. Qe2 Qc6 42. Qe4 Qd7 43. Be3 Qf7 44. c6 Qc7 45. Qc4 Qc8 46. a4 Ne7
47. b5 axb5 48. axb5 Nd5 49. b6 Kf7 50. Qc5 Nxe3 51. Kxe3 Ke8 52. Qd6 e5 53. b7
1-0

[Event "15. Obert Int. Sant Marti 2013"]
[Site "Barcelona ESP"]
[Date "2013.07.19"]
[Round "7.58"]
[White "Zemlicka, Vit"]
[Black "Harstad, Christian"]
[Result "1/2-1/2"]
[WhiteElo "2016"]
[BlackElo "1942"]
[PlyCount "27"]
[EventDate "2013.07.13"]
[EventType "swiss"]
[EventRounds "9"]
[EventCountry "ESP"]
[SourceTitle "Ajedrez en Madrid"]
[Source "lmi"]
[SourceDate "2013.07.13"]
[SourceVersion "1"]
[SourceVersionDate "2019.06.21"]
[SourceQuality "1"]

1. e4 e5 2. Nf3 Nc6 3. Bb5 a6 4. Ba4 Nf6 5. Qe2 b5 6. Bb3 Bc5 7. c3 d6 8. O-O
O-O 9. d3 h6 10. Be3 Bxe3 11. Qxe3 Re8 12. Nbd2 Na5 13. Bc2 c5 14. Rfe1 1/2-1/2